| 000 -CABECERA |
| Longitud fija campo de control |
01052nam a22002297a 4500 |
| 003 - IDENTIFICADOR DEL NÚMERO DE CONTROL |
| Identificador del número de control |
OSt |
| 005 - FECHA Y HORA DE LA ÚLTIMA TRANSACCIÓN |
| Fecha y hora de la última transacción |
20230404120941.0 |
| 008 - CÓDIGOS DE INFORMACIÓN DE LONGITUD FIJA |
| Códigos de información de longitud fija |
130715s2013 sp ||||| |||| 00| 0 cat d |
| 040 ## - FUENTE DE LA CATALOGACIÓN |
| Centro transcriptor |
CDMR |
| Lengua de catalogación |
cat |
| 100 1# - PUNTO DE ACCESO PRINCIPAL-NOMBRE DE PERSONA |
| 9 (RLIN) |
3928 |
| Nombre de persona |
Domínguez Martín, Eva |
| 245 10 - MENCIÓN DE TÍTULO |
| Título |
Periodismo inmersivo |
| Resto del título |
: fundamentos para una forma periodística basada en la interfaz y la acción |
| Mención de responsabilidad, etc. |
realitzada per Eva Domínguez Martín ; dirigida per Lluís Pastor Pérez ; tutoritzada per Pere Masip Masip |
| Medio |
[recurs electrònic] |
| 260 ## - PUBLICACIÓN, DISTRIBUCIÓN, ETC. (PIE DE IMPRENTA) |
| Fecha de publicación, distribución, etc. |
2013 |
| Lugar de publicación, distribución, etc. |
Barcelona |
| 300 ## - DESCRIPCIÓN FÍSICA |
| Extensión |
302 p. |
| 502 ## - NOTA DE TESIS |
| Nota de tesis |
Tesi doctoral defensada el 13 de març de 2013 a la |
| Nombre de la institución que otorga el tí,tulo |
Universitat Ramon Llull. FCCB - Comunicació |
| 650 04 - PUNTO DE ACCESO ADICIONAL DE MATERIA - TÉRMINO DE MATERIA |
| 9 (RLIN) |
2994 |
| Término de materia o nombre geográfico como elemento inicial |
Tesis i dissertacions acadèmiques |
| 650 00 - PUNTO DE ACCESO ADICIONAL DE MATERIA - TÉRMINO DE MATERIA |
| 9 (RLIN) |
4834 |
| Término de materia o nombre geográfico como elemento inicial |
Periodisme immersiu |
| 700 1# - PUNTO DE ACCESO ADICIONAL - NOMBRE DE PERSONA |
| 9 (RLIN) |
3299 |
| Nombre de persona |
Pastor, Lluís |
| 700 1# - PUNTO DE ACCESO ADICIONAL - NOMBRE DE PERSONA |
| 9 (RLIN) |
1265 |
| Nombre de persona |
Masip, Pere |
| 710 2# - PUNTO DE ACCESO ADICIONAL - NOMBRE DE ENTIDAD |
| 9 (RLIN) |
3392 |
| Nombre de entidad o nombre de jurisdicción como elemento inicial |
Facultat de Ciències de la Comunicació Blanquerna |
| Unidad subordinada |
-- Facultat de Ciències de la Comunicació Blanquerna |
| 856 40 - LOCALIZACIÓN Y ACCESO ELECTRÓNICO |
| Identificador Uniforme del Recurso (URI) |
<a href="http://www.tdx.cat/handle/10803/108956">http://www.tdx.cat/handle/10803/108956</a> |
| Texto del enlace |
Disponible en línia (TDX) |
| 942 ## - ENTRADA DE ELEMENTOS AGREGADOS (KOHA) |
| Fuente de clasificaión o esquema |
|
| Koha [por defecto] tipo de item |
Tesines en línia |